Bihar 3-Digit PIN Codes (Map) - Statistics

General Stats
  • This quiz has been taken 6 times
  • The average score is 23 of 34
Answers on the Map
Answers color-coded by a green-red scale on the quiz's map according to % correct below.
 
Answer Stats
Answer % Correct
852
100%
800
67%
800
67%
801
67%
802
67%
803
67%
803
67%
804
67%
805
67%
811
67%
812
67%
812
67%
813
67%
813
67%
821
67%
823
67%
824
67%
824
67%
841
67%
842
67%
842
67%
843
67%
845
67%
846
67%
846
67%
847
67%
848
67%
851
67%
851
67%
853
67%
854
67%
855
67%
855
67%
844
33%
No matching quizzes found
Score Distribution
Percent of People with Each Score
Percentile by Number Answered
Your Score History
You have not taken this quiz